| 000 | 00926nam a22002297a 4500 | ||
|---|---|---|---|
| 999 |
_c63350 _d63350 |
||
| 005 | 20240530110636.0 | ||
| 008 | 170925s2012 ua a f b 000 0 ara d | ||
| 017 |
_a2012/1767 _bمصر. دار الكتب |
||
| 020 | _a9789771808756 | ||
| 040 |
_aEG-CaGPL _cEG-CaGPL |
||
| 082 | 0 | 4 |
_221 _a215.96216 _bق/م أ |
| 100 | 0 | _aمحمد على حله . | |
| 245 | 1 | 2 |
_aالازهر فى الارشيف المصرى : _bوثائق من القرنين التاسع عشر و العشرين / _cمحمد على حله ؛ شارك فى تجميع الوثائق محمد مبروك . |
| 250 | _aط.1 | ||
| 260 |
_aالقاهرة : _bمطبعة دار الكتب و الوثائق القومية بالقاهرة ، _c2012 . |
||
| 300 |
_a536 ص ؛ _c24 سم . |
||
| 650 | 0 | 7 |
_2qrmak _aالازهر ( جامع ) . |
| 650 | 0 | 7 |
_2qrmak _aجامعة الازهر . |
| 651 | _2qrmak | ||
| 942 |
_2ddc _cBK |
||